| 000 | 00757nam a2200241Ia 4500 | ||
|---|---|---|---|
| 003 | OSt | ||
| 005 | 20221005102834.0 | ||
| 006 | a|||||r|||| 00| 0 | ||
| 007 | ta | ||
| 008 | 221004b |||||||| |||| 00| 0 hin d | ||
| 024 | _a29949 | ||
| 037 | _cTextual | ||
| 040 |
_aCRL _cCRL _bhin |
||
| 041 |
_2hin _ahin |
||
| 082 | _aY:1.2, 152L5 | ||
| 100 | _aसिंह, राजकिशोर | ||
| 245 | 0 | _aभारतीय-संस्कृति | |
| 246 | _aBhāratīya-sanskṛuti | ||
| 260 |
_aआगरा _bविनोद पुस्तक मन्दिर भारत _c1975 |
||
| 300 |
_a343पृ. _ccm. |
||
| 942 |
_hY:1.2, 152L5 _cTEXL _2cc |
||
| 999 |
_c1009039 _d1009039 |
||